000
00237nam a2200097Ia 4500
001
683733
005
20250826161444.0
008
250824s9999 xx 000 0 und d
245
0
_a
DÜNYA NİMETİ
_c
KNUT HAMSUN
260
_b
TİMAŞ YAYINLARI
999
_c
683733
_d
683733